Un cachondeo tirano / (Record no. 4605)

MARC details
000 -LEADER
campo de control de longitud fija 01105cam a2200325 i 4500
001 - NÚMERO DE CONTROL
campo de control 22368133
003 - IDENTIFICADOR DE NÚMERO DE CONTROL
campo de control OSt
005 - FECHA Y HORA DE LA ÚLTIMA TRANSACCIÓN
campo de control 20260320195344.0
008 - DATOS DE LONGITUD FIJA--INFORMACIÓN GENERAL
campo de control de longitud fija 210902s2021 mx a 000 0 spa
010 ## - NÚMERO DE CONTROL DE LA BIBLIOTECA DEL CONGRESO
Número de control de LC 2021398665
035 ## - NÚMERO DE CONTROL DEL SISTEMA
Número de control de sistema 22368133
035 ## - NÚMERO DE CONTROL DEL SISTEMA
Número de control de sistema (CVcHKB)hkb0000009921
040 ## - FUENTE DE CATALOGACIÓN
Centro catalogador/agencia de origen DLC
Lengua de catalogación eng
Normas de descripción rda
Centro/agencia transcriptor DLC
042 ## - CÓDIGO DE AUTENTICACIÓN
Código de autenticación pcc
050 00 - SIGNATURA TOPOGRÁFICA DE LA BIBLIOTECA DEL CONGRESO
Número de clasificación N6559.V38
Número de ítem A4 2021
082 04 - NÚMERO DE LA CLASIFICACIÓN DECIMAL DEWEY
Número de edición Primera ed.
Número de clasificación 743.44
Número de ítem V331c
100 1# - ENTRADA PRINCIPAL--NOMBRE DE PERSONA
Nombre de persona Vasconcelos, Anais,
Fechas asociadas al nombre 1993-
Término indicativo de función/relación autora.
245 13 - MENCIÓN DEL TÍTULO
Título Un cachondeo tirano /
Mención de responsabilidad, etc. Anais Vasconcelos.
250 ## - MENCION DE EDICION
Mención de edición Primera edición.
264 #1 - PRODUCCIÓN, PUBLICACIÓN, DISTRIBUCIÓN, FABRICACIÓN Y COPYRIGHT
Producción, publicación, distribución, fabricación y copyright CDMX [México] :
Nombre del de productor, editor, distribuidor, fabricante Miau Ediciones, Gato Negro Ediciones,
Fecha de producción, publicación, distribución, fabricación o copyright 2021.
300 ## - DESCRIPCIÓN FÍSICA
Extensión 72 paginas sin numerar ;
Otras características físicas principalmente ilustraciones ;
Dimensiones 23 cm
336 ## - TIPO DE CONTENIDO
Término de tipo de contenido texto
Código de tipo de contenido txt
Fuente contenido rda
336 ## - TIPO DE CONTENIDO
Término de tipo de contenido imagen fija
Código de tipo de contenido sti
Fuente contenido rda
337 ## - TIPO DE MEDIO
Nombre/término del tipo de medio sin mediación
Código del tipo de medio n
Fuente medio rda
338 ## - TIPO DE SOPORTE
Nombre/término del tipo de soporte volumen
Código del tipo de soporte nc
Fuente soporte rda
600 10 - PUNTO DE ACCESO ADICIONAL DE MATERIA--NOMBRE DE PERSONA
Nombre de persona Vasconcelos, Anais,
Fechas asociadas al nombre 1993-
906 ## - ELEMENTOS DE DATOS F LOCAL, LDF (RLIN)
a 7
b cbc
c origres
d 3
e ncip
f 20
g y-gencatlg
942 ## - ELEMENTOS DE ENTRADA SECUNDARIOS (KOHA)
Fuente del sistema de clasificación o colocación Clasificación Decimal Dewey
Tipo de ítem Koha Libros
Suprimir en OPAC No
Holdings
Estatus retirado Estado de pérdida Fuente del sistema de clasificación o colocación Estado de daño No para préstamo Biblioteca de origen Biblioteca actual Fecha de adquisición Total de préstamos Signatura topográfica completa Visto por última vez Precio de reemplazo Tipo de ítem Koha
    Clasificación Decimal Dewey     Biblioteca LadoV Biblioteca LadoV 20/03/2026   743.44 V331c 20/03/2026 20/03/2026 Libros